000 00671nam a2200205 a 4500
001 000010578
005 20240412074219.0
008 091008s1987 dr a 000 p spa d
040 _aDO-SdBNP
_bspa
_cBNPHU
082 _aRD861.44
_bN714a
100 1 _aNina, Diógenes,
_d1941-
_911857
245 1 0 _aApricina :
_bbestia del paraíso /
_cDiógenes Nina.
260 _aSanto Domingo :
_bTaller,
_c1987.
300 _a53 p. :
_bil ;
_c20 cm.
500 _aIncluye datos biográficos del autor en la contracubierta
590 _aInventariado, 2018/LP
650 0 _aPoesía dominicana
_966
650 0 _aLiteratura dominicana.
_967
910 _aValidado. Control de calidad MFF
999 _c10336
_d10336